Crítica de la razón pura /

La Crítica de la razón pura investiga cómo es posible la experiencia científica, vale decir, cómo es posible la ciencia: en qué reside su estructura y su validez. Kant, plantea con ello la esencia y los límites del conocimiento, lo cual lleva por un lado, a una crítica de la metafísica tradicional y...

وصف كامل

محفوظ في:
التفاصيل البيبلوغرافية
المؤلف الرئيسي: Kant, Immanuel (autor)
مؤلفون آخرون: Fischer, Kuno (autor) (autor)
التنسيق: كتاب
اللغة:الإسبانية
منشور في: Buenos Aires, Argentina : Sopena, 1961, c1961
الطبعة:5a edición
سلاسل:(Biblioteca Mundial Sopena)
الموضوعات:
الوسوم: إضافة وسم
لا توجد وسوم, كن أول من يضع وسما على هذه التسجيلة!

MARC

LEADER 00000nam^a2200000^a^4500
001 000185901
005 20250521000000.0
009 20260310102208.969
037 |a Acervo ITESO - Biblioteca 
041 |a ESP 
082 |a 142. 3  |b KAN OBR CRI V. 1 
100 |a Kant, Immanuel  |e (autor) 
240 1 1 |a [Crítica de la razón pura] 
245 1 0 |a Crítica de la razón pura /  |c I. Kant ; tr. por José del Perojo. 
250 |a 5a edición 
264 4 |a Buenos Aires, Argentina :  |b Sopena,  |c 1961, c1961 
300 |a 190 p. 
336 |a texto  |b txt  |2 rdacontenido 
337 |a sin mediación  |b n  |2 rdamedio 
338 |a volumen  |b nc  |2 rdasoporte 
440 1 |a (Biblioteca Mundial Sopena) 
500 |a Traducción de: Kritik der reinen Vernunft 
520 |a La Crítica de la razón pura investiga cómo es posible la experiencia científica, vale decir, cómo es posible la ciencia: en qué reside su estructura y su validez. Kant, plantea con ello la esencia y los límites del conocimiento, lo cual lleva por un lado, a una crítica de la metafísica tradicional y por otro, a descubrir la razón de ser de los grandes ideales humanos. 
562 |a Falta cubierta 
649 |a XX 
650 |a Epistemología -  |x Tema Principal 
650 |a Conocimiento 
650 |a Lógica 
650 |a Estética 
650 |a Sentidos y Sensaciones 
650 |a Espacio y Tiempo 
650 |a Dios -  |x Existencia 
650 |a Metafísica 
650 |a Idealismo 
650 |a Racionalismo 
650 |a Criticismo -  |x Tema Principal 
650 |a Filosofía Moderna 
650 |a Filosofía Alemana 
650 |a Kant, Immanuel -  |x Tema Principal 
740 0 |a Vida de Kant /  |c K. Fischer ; tr. por José del Perojo. 
740 0 |a Historia de los origenes de la filosofía crítica /  |c K. Fischer ; tr. por José del Perojo. 
700 |a Fischer, Kuno  |e (autor) 
910 |a Fondo General 
920 |a Impresos - Libros 
930 |a Colección General 
905 |a 101 
901 |a 0500127435  |b IT1  |c ACC  |u 20250521 
902 |a https://opac.biblio.iteso.mx/vufind/Record/000185901